Normal view MARC view

Entry Personal Name

Number of records used in: 1

001 - CONTROL NUMBER

  • control field: 14370

003 - CONTROL NUMBER IDENTIFIER

  • control field: OSt

005 - DATE AND TIME OF LATEST TRANSACTION

  • control field: 20210823154613.0

008 - FIXED-LENGTH DATA ELEMENTS

  • fixed length control field: 210823|| aca||aabn | a|a d

040 ## - CATALOGING SOURCE

  • Original cataloging agency: OSt
  • Transcribing agency: OSt

100 ## - HEADING--PERSONAL NAME

  • Personal name: Serraj, Rachid.

670 ## - SOURCE DATA FOUND

  • Source citation: Work cat.: (OSt)0: International Workshop on Biological Nitrogen Fixation for Increased Crop Productivity, Enhanced Human Health, and Sustained Soil Fertility (2002 : Montpellier, France) 14365, Symbiotic nitrogen fixation :, c2004.